000 00503nam a22001697a 4500
008 150601b xxu||||| |||| 00| 0 eng d
020 _a9780618388042
041 0 _aeng
080 _a514.11
100 1 _aAufmann, Richard N.
245 1 0 _aCollege trigonometry /
_cRichard N. Aufmann, Vernon C. Barker, Richard D. Nation.
300 _a1 v.(Numër të ndryshëm te faqeve) :
_bme il. ;
_c27 cm.
650 0 _aTrigonometri
700 1 _aBarker, Vernon C.
700 1 _aNation, Richard.
942 _2udc
_cBK
999 _c942
_d942